[Event "14. Obert Int. Sant Marti 2012"]
[Site "Barcelona ESP"]
[Date "2012.07.17"]
[Round "5.19"]
[White "Lorenzo De La Riva, Lazaro"]
[Black "Dominguez Pons, Eric"]
[Result "1-0"]
[WhiteElo "2422"]
[BlackElo "2325"]
[PlyCount "133"]
[EventDate "2012.07.13"]
[EventType "swiss"]
[EventRounds "9"]
[EventCountry "ESP"]
[SourceTitle "Ajedrez en Madrid"]
[Source "lmi"]
[SourceDate "2012.07.13"]
[SourceVersion "1"]
[SourceVersionDate "2019.06.21"]
[SourceQuality "1"]

1. e4 c5 2. Nc3 a6 3. Nf3 d6 4. g3 Nf6 5. Bg2 Nc6 6. O-O g6 7. d3 Bg7 8. h3 O-O
9. Be3 e5 10. Qd2 Nd4 11. Kh2 b5 12. Bg5 Ne6 13. Bh6 Bb7 14. Rae1 Nh5 15. Bxg7
Kxg7 16. Nd1 h6 17. c3 Rc8 18. Ne3 Ng5 19. Nh4 Kh7 20. Ng4 Nf6 21. Nxh6 Kxh6
22. Nf3 Nfh7 23. h4 f6 24. d4 Qe7 25. Rh1 Kg7 26. hxg5 Nxg5 27. Nxg5 fxg5 28.
Rhf1 Rcd8 29. Kg1 Bc8 30. Re3 Be6 31. b3 c4 32. b4 Bg4 33. a4 bxa4 34. Ra1 Bd7
35. Bf1 Bb5 36. Be2 Qd7 37. Rf3 Qe7 38. Rxf8 Rxf8 39. Bg4 Kh6 40. Kg2 Bc6 41.
d5 Bb5 42. Bd1 Qd7 43. Qe3 Rh8 44. Bf3 Qe7 45. Bg4 Kg7 46. Qb6 Kf6 47. Rh1 Rxh1
48. Kxh1 Kg7 49. Kg2 Qf8 50. Qc7+ Kh6 51. Be2 Qf6 52. Bd1 Qf8 53. Qa5 Qe8 54.
Bg4 Qf8 55. Qc7 Qf6 56. Bc8 Qf8 57. Be6 g4 58. Bxg4 Kg5 59. Be2 Kf6 60. Bxc4
Bxc4 61. Qxc4 Qa8 62. Qa2 Qe8 63. c4 g5 64. c5 Qb5 65. c6 Qxb4 66. Qc2 a3 67.
c7 1-0

[Event "14. Obert Int. Sant Marti 2012"]
[Site "Barcelona ESP"]
[Date "2012.07.17"]
[Round "5.20"]
[White "Gonzalez Garcia, Jose"]
[Black "Mamedjarova, Turkan"]
[Result "1-0"]
[WhiteElo "2518"]
[BlackElo "2259"]
[PlyCount "111"]
[EventDate "2012.07.13"]
[EventType "swiss"]
[EventRounds "9"]
[EventCountry "ESP"]
[SourceTitle "Ajedrez en Madrid"]
[Source "lmi"]
[SourceDate "2012.07.13"]
[SourceVersion "1"]
[SourceVersionDate "2019.06.21"]
[SourceQuality "1"]

1. c4 e6 2. Nf3 d5 3. g3 Nf6 4. d4 c6 5. Bg2 Bd6 6. O-O O-O 7. Nbd2 Ne4 8. Qc2
f5 9. Ne5 Nd7 10. Nd3 Nxd2 11. Bxd2 Nf6 12. Bf4 Bxf4 13. Nxf4 Ne4 14. e3 Rf6
15. Nd3 Rh6 16. Ne5 Nd6 17. b4 Nxc4 18. Nxc4 dxc4 19. Qxc4 Bd7 20. Qc5 Rf6 21.
a4 Rf8 22. Rfc1 a6 23. b5 cxb5 24. axb5 f4 25. gxf4 Bxb5 26. Bxb7 Rb8 27. Bxa6
Rf5 28. Qc8 Rxc8 29. Rxc8 Qxc8 30. Bxc8 Rf6 31. Bb7 h6 32. Ra8+ Kf7 33. Be4 Ke7
34. Ra7+ Kf8 35. h4 Rf7 36. Ra8+ Ke7 37. Kg2 Kf6 38. Ra5 Be8 39. Ra6 Ke7 40.
Ra7+ Kf6 41. Rxf7+ Bxf7 42. Kg3 Be8 43. Bd3 g6 44. e4 Bc6 45. Kf3 Bb7 46. Ke3
Bc6 47. e5+ Kf7 48. Be4 Bb5 49. Kd2 Be8 50. Kc3 Ke7 51. Kb4 h5 52. Kc5 Bf7 53.
Bc6 Bg8 54. d5 exd5 55. Bxd5 Bh7 56. Kc6 1-0

[Event "14. Obert Int. Sant Marti 2012"]
[Site "Barcelona ESP"]
[Date "2012.07.17"]
[Round "5.21"]
[White "Escobar Forero, Alder"]
[Black "Capellades Subirana, Marc"]
[Result "1-0"]
[WhiteElo "2487"]
[BlackElo "2233"]
[PlyCount "67"]
[EventDate "2012.07.13"]
[EventType "swiss"]
[EventRounds "9"]
[EventCountry "ESP"]
[SourceTitle "Ajedrez en Madrid"]
[Source "lmi"]
[SourceDate "2012.07.13"]
[SourceVersion "1"]
[SourceVersionDate "2019.06.21"]
[SourceQuality "1"]

1. e4 e5 2. Nf3 Nc6 3. Bb5 Bc5 4. c3 Qf6 5. d4 exd4 6. e5 Qe6 7. cxd4 Bb4+ 8.
Nc3 d5 9. O-O Nge7 10. Ne2 Ng6 11. Ng5 Qd7 12. f4 h6 13. f5 Ngxe5 14. dxe5 hxg5
15. Bxg5 a6 16. e6 fxe6 17. fxe6 Qd6 18. Bxc6+ bxc6 19. Nf4 Qe5 20. Qg4 Bxe6
21. Qxe6+ Qxe6 22. Nxe6 Bd6 23. Nxg7+ Kd7 24. Rf7+ Kc8 25. h3 Kb7 26. Nf5 Be5
27. Re1 Rae8 28. Bf6 Bf4 29. Rf1 Rhf8 30. Rxf8 Rxf8 31. Rxf4 Rxf6 32. g4 Re6
33. g5 Kc8 34. g6 1-0

[Event "14. Obert Int. Sant Marti 2012"]
[Site "Barcelona ESP"]
[Date "2012.07.17"]
[Round "5.22"]
[White "Ortega Serra, Marc"]
[Black "Alarcon Casellas, Rolando"]
[Result "0-1"]
[WhiteElo "2223"]
[BlackElo "2436"]
[PlyCount "92"]
[EventDate "2012.07.13"]
[EventType "swiss"]
[EventRounds "9"]
[EventCountry "ESP"]
[SourceTitle "Ajedrez en Madrid"]
[Source "lmi"]
[SourceDate "2012.07.13"]
[SourceVersion "1"]
[SourceVersionDate "2019.06.21"]
[SourceQuality "1"]

1. d4 Nf6 2. c4 e6 3. Nf3 b6 4. g3 Ba6 5. Qc2 Bb7 6. Bg2 Bb4+ 7. Bd2 a5 8. a3
Bxd2+ 9. Nbxd2 d6 10. O-O Nbd7 11. Ne1 Bxg2 12. Nxg2 c5 13. Ne4 Qc7 14. Rfd1
Nxe4 15. Qxe4 O-O 16. Rac1 Rfd8 17. Ne3 Nf6 18. Qh4 a4 19. d5 Qb7 20. dxe6 fxe6
21. Ng4 Qf7 22. Rc3 Nxg4 23. Qxg4 d5 24. Rf3 Qg6 25. Qxg6 hxg6 26. Rfd3 d4 27.
f4 g5 28. Kg2 gxf4 29. gxf4 Rf8 30. Kg3 Rf5 31. e3 Raf8 32. Re1 e5 33. exd4
exd4 34. Re6 Rxf4 35. Rxb6 Rf1 36. Rd2 Rc1 37. Rb7 Rxc4 38. Re2 Rc1 39. Ree7
Rg1+ 40. Kh4 Rf6 41. Re8+ Kh7 42. Re5 Rh6+ 43. Rh5 d3 44. Rd7 c4 45. Rxh6+ Kxh6
46. Rd4 g5+ 0-1

[Event "14. Obert Int. Sant Marti 2012"]
[Site "Barcelona ESP"]
[Date "2012.07.17"]
[Round "5.23"]
[White "Dave, Dhyani"]
[Black "Mosquera, Miguel"]
[Result "1/2-1/2"]
[WhiteElo "2170"]
[BlackElo "2395"]
[PlyCount "117"]
[EventDate "2012.07.13"]
[EventType "swiss"]
[EventRounds "9"]
[EventCountry "ESP"]
[SourceTitle "Ajedrez en Madrid"]
[Source "lmi"]
[SourceDate "2012.07.13"]
[SourceVersion "1"]
[SourceVersionDate "2019.06.21"]
[SourceQuality "1"]

1. e4 Nf6 2. e5 Nd5 3. d4 d6 4. Nf3 g6 5. Bc4 Nb6 6. Bb3 Bg7 7. h3 dxe5 8. Nxe5
Bxe5 9. dxe5 Qxd1+ 10. Kxd1 Nc6 11. Re1 Nd4 12. Be3 Nxb3 13. axb3 Nd5 14. Nc3
Nxc3+ 15. bxc3 b6 16. Kc1 Bb7 17. f3 Kd7 18. Kb2 Ke6 19. c4 a5 20. Bd2 Rhd8 21.
Bc3 g5 22. Re2 h5 23. Rf1 Rg8 24. Bd2 Rg6 25. g3 g4 26. fxg4 hxg4 27. h4 Rh8
28. Bf4 Bf3 29. Rd2 Rgg8 30. Rff2 Rh5 31. Rf1 Rf5 32. Rdf2 Rxf4 33. gxf4 Kf5
34. Rxf3 gxf3 35. Rxf3 c5 36. Kc3 Ke4 37. Rf1 Rh8 38. Rd1 e6 39. Rd6 Kxf4 40.
Rxb6 Rh5 41. Rb7 Rh7 42. Rc7 Kxe5 43. Rxc5+ Ke4 44. Rxa5 f5 45. Ra1 f4 46. Re1+
Kf5 47. c5 e5 48. Rg1 Rxh4 49. b4 f3 50. c6 Ke6 51. Rf1 Rf4 52. b5 Kd5 53. Rd1+
Kc5 54. c7 Rc4+ 55. Kd3 e4+ 56. Ke3 Kxb5 57. c8=Q Rxc8 58. Kxe4 f2 59. Ke3
1/2-1/2

[Event "14. Obert Int. Sant Marti 2012"]
[Site "Barcelona ESP"]
[Date "2012.07.17"]
[Round "5.24"]
[White "Palit, Somak"]
[Black "Isgandarova, Khayala"]
[Result "1-0"]
[WhiteElo "2393"]
[BlackElo "2206"]
[PlyCount "67"]
[EventDate "2012.07.13"]
[EventType "swiss"]
[EventRounds "9"]
[EventCountry "ESP"]
[SourceTitle "Ajedrez en Madrid"]
[Source "lmi"]
[SourceDate "2012.07.13"]
[SourceVersion "1"]
[SourceVersionDate "2019.06.21"]
[SourceQuality "1"]

1. e4 e6 2. d4 d5 3. Nc3 Bb4 4. Nge2 Nf6 5. Bg5 dxe4 6. a3 Be7 7. Bxf6 Bxf6 8.
Nxe4 Be7 9. Qd2 f5 10. N4c3 O-O 11. O-O-O Nc6 12. Qe3 Bd6 13. Nb5 Ne7 14. Nxd6
cxd6 15. Nf4 Nd5 16. Nxd5 exd5 17. f4 Bd7 18. g3 Rc8 19. Bg2 Qa5 20. Qd2 Qb5
21. Qb4 Qxb4 22. Bxd5+ Kh8 23. axb4 Bc6 24. Bxc6 Rxc6 25. Rhe1 Rfc8 26. c3 Kg8
27. Re7 R6c7 28. Rde1 Kf8 29. Rxc7 Rxc7 30. d5 a5 31. bxa5 Rc5 32. Re6 Rxd5 33.
b4 Kf7 34. Re3 1-0

[Event "14. Obert Int. Sant Marti 2012"]
[Site "Barcelona ESP"]
[Date "2012.07.17"]
[Round "5.25"]
[White "Grafl, Florian"]
[Black "Leiro Giralt, Daniel"]
[Result "1-0"]
[WhiteElo "2387"]
[BlackElo "2214"]
[PlyCount "129"]
[EventDate "2012.07.13"]
[EventType "swiss"]
[EventRounds "9"]
[EventCountry "ESP"]
[SourceTitle "Ajedrez en Madrid"]
[Source "lmi"]
[SourceDate "2012.07.13"]
[SourceVersion "1"]
[SourceVersionDate "2019.06.21"]
[SourceQuality "1"]

1. e4 e5 2. d4 exd4 3. Qxd4 Nc6 4. Qe3 Nf6 5. Nc3 Bb4 6. Bd2 O-O 7. O-O-O Re8
8. Bc4 Na5 9. Be2 d5 10. Nxd5 Nxd5 11. Qd3 Qf6 12. exd5 Bf5 13. Qb5 Bxd2+ 14.
Rxd2 b6 15. Nf3 Rad8 16. Rhd1 Nb7 17. Qb4 Nd6 18. Bb5 a5 19. Qb3 Re4 20. Bd3
Rb4 21. Qc3 Qxc3 22. bxc3 Ra4 23. Bxf5 Nxf5 24. Kb1 Rc4 25. Rd3 Rc5 26. Ne5 Nd6
27. f3 Re8 28. Ng4 f5 29. Ne3 f4 30. Nf1 Re2 31. g3 Rb5+ 32. Kc1 Nc4 33. Nd2
Nb2 34. c4 Nxd3+ 35. cxd3 Rb4 36. gxf4 b5 37. Kc2 bxc4 38. dxc4 Rxh2 39. Kc3 h5
40. a3 Rb8 41. c5 h4 42. d6 cxd6 43. cxd6 Rd8 44. Ne4 h3 45. Ng5 Rf2 46. d7 h2
47. Re1 g6 48. Re8+ Kg7 49. Rxd8 Rxf3+ 50. Nxf3 h1=Q 51. Rg8+ Kxg8 52. d8=Q+
Kg7 53. Qe7+ Kg8 54. Qe8+ Kg7 55. Qe5+ Kg8 56. Qd5+ Kg7 57. Qd4+ Kg8 58. Qc4+
Kg7 59. Ne5 Qc1+ 60. Kb3 Qd1+ 61. Qc2 a4+ 62. Kb2 Qd4+ 63. Ka2 Qd5+ 64. Nc4 Qf3
65. Qxg6+ 1-0

[Event "14. Obert Int. Sant Marti 2012"]
[Site "Barcelona ESP"]
[Date "2012.07.17"]
[Round "5.26"]
[White "Sanchez Ibern, Marc"]
[Black "Shatko, Danil"]
[Result "1-0"]
[WhiteElo "2364"]
[BlackElo "2143"]
[PlyCount "49"]
[EventDate "2012.07.13"]
[EventType "swiss"]
[EventRounds "9"]
[EventCountry "ESP"]
[SourceTitle "Ajedrez en Madrid"]
[Source "lmi"]
[SourceDate "2012.07.13"]
[SourceVersion "1"]
[SourceVersionDate "2019.06.21"]
[SourceQuality "1"]

1. e4 e6 2. d4 d5 3. Nd2 Nf6 4. e5 Nfd7 5. Bd3 c5 6. c3 Nc6 7. Ne2 cxd4 8. cxd4
f6 9. exf6 Nxf6 10. Nf3 Bd6 11. O-O Qc7 12. Bg5 O-O 13. Bh4 Nh5 14. Qc2 h6 15.
Bg6 Rxf3 16. gxf3 Bxh2+ 17. Kh1 Nf4 18. Ng3 Qd7 19. Rad1 Nb4 20. Qb1 Nxg6 21.
Qxg6 Bxg3 22. Bxg3 Nxa2 23. Be5 Qf7 24. Rg1 Qxf3+ 25. Rg2 1-0

[Event "14. Obert Int. Sant Marti 2012"]
[Site "Barcelona ESP"]
[Date "2012.07.17"]
[Round "5.27"]
[White "Umudova, Nargiz"]
[Black "Mammadova, Gulnar"]
[Result "0-1"]
[WhiteElo "2210"]
[BlackElo "2341"]
[PlyCount "72"]
[EventDate "2012.07.13"]
[EventType "swiss"]
[EventRounds "9"]
[EventCountry "ESP"]
[SourceTitle "Ajedrez en Madrid"]
[Source "lmi"]
[SourceDate "2012.07.13"]
[SourceVersion "1"]
[SourceVersionDate "2019.06.21"]
[SourceQuality "1"]

1. e4 e6 2. d4 d5 3. Nc3 Bb4 4. e5 c5 5. a3 Ba5 6. b4 cxd4 7. Qg4 Ne7 8. bxa5
dxc3 9. Qxg7 Rg8 10. Qxh7 Nbc6 11. Nf3 Qc7 12. Bf4 Bd7 13. a6 b6 14. Bd3 O-O-O
15. Bg3 Rdf8 16. O-O Na5 17. a4 Qc5 18. Qh4 Ng6 19. Qf6 Nc6 20. Rfd1 Nb4 21.
Ng5 Ne7 22. Nh7 Rd8 23. Qxf7 Nxd3 24. Rxd3 Nf5 25. Nf6 Rg7 26. Nxd7 Qc6 27.
Nxb6+ axb6 28. Qh5 d4 29. Qd1 Ra7 30. Qb1 Rxa6 31. Qb3 Ra5 32. Rb1 Rxa4 33. h3
Kc7 34. Kh2 Rd5 35. Bf4 Raa5 36. Qb4 Rab5 0-1

[Event "14. Obert Int. Sant Marti 2012"]
[Site "Barcelona ESP"]
[Date "2012.07.17"]
[Round "5.28"]
[White "Rodriguez, Eric"]
[Black "Ezquerro Luque, Albert"]
[Result "1-0"]
[WhiteElo "2327"]
[BlackElo "2041"]
[PlyCount "115"]
[EventDate "2012.07.13"]
[EventType "swiss"]
[EventRounds "9"]
[EventCountry "ESP"]
[SourceTitle "Ajedrez en Madrid"]
[Source "lmi"]
[SourceDate "2012.07.13"]
[SourceVersion "1"]
[SourceVersionDate "2019.06.21"]
[SourceQuality "1"]

1. Nf3 d6 2. e4 g6 3. d4 Bg7 4. Nc3 Nd7 5. Be3 a6 6. a4 b6 7. Bc4 e6 8. O-O Ne7
9. Qd2 h6 10. h3 Bb7 11. Rad1 Nf6 12. Bd3 d5 13. exd5 Nexd5 14. Nxd5 Nxd5 15.
Ne5 Nxe3 16. Qxe3 Qg5 17. Qxg5 hxg5 18. Rfe1 Rd8 19. c3 Ke7 20. f3 Rd6 21. Nc4
Rd7 22. Be4 Bd5 23. Bxd5 Rxd5 24. Kf2 Rhd8 25. Rb1 R5d7 26. b4 Rd5 27. Re2 R5d7
28. Rbe1 Rd5 29. Kg3 R5d7 30. a5 b5 31. Nb2 Bxd4 32. cxd4 Rxd4 33. Rc2 R8d7 34.
Re4 Rd2 35. Re2 R2d4 36. Rc6 Rd2 37. Kf2 R2d6 38. Rc3 Rd4 39. Rb3 f6 40. Ke3 f5
41. Nd3 f4+ 42. Kd2 Kf6 43. Kc2 Rc4+ 44. Kb1 Rdd4 45. Kb2 e5 46. Ka3 e4 47.
fxe4 Rxe4 48. Rxe4 Rxe4 49. Nc5 Re1 50. Nxa6 Ra1+ 51. Kb2 Rg1 52. Nxc7 Rxg2+
53. Ka3 Rg3 54. a6 f3 55. a7 f2 56. a8=Q Kg7 57. Ne6+ Kh7 58. Qb7+ 1-0

[Event "14. Obert Int. Sant Marti 2012"]
[Site "Barcelona ESP"]
[Date "2012.07.17"]
[Round "5.29"]
[White "Anurag, Mhamal"]
[Black "Jaramillo Ochoa, Mateo"]
[Result "1-0"]
[WhiteElo "2301"]
[BlackElo "2030"]
[PlyCount "43"]
[EventDate "2012.07.13"]
[EventType "swiss"]
[EventRounds "9"]
[EventCountry "ESP"]
[SourceTitle "Ajedrez en Madrid"]
[Source "lmi"]
[SourceDate "2012.07.13"]
[SourceVersion "1"]
[SourceVersionDate "2019.06.21"]
[SourceQuality "1"]

1. d4 Nf6 2. Nc3 d6 3. e4 e5 4. Nge2 exd4 5. Nxd4 Be7 6. g3 d5 7. e5 Ne4 8.
Nxe4 dxe4 9. Be3 c6 10. e6 fxe6 11. Qg4 Qa5+ 12. c3 Bf6 13. Bc4 O-O 14. Qxe4
Bxd4 15. Bxd4 Qf5 16. Qe3 b6 17. Bd3 Qd5 18. O-O-O c5 19. Bxh7+ Kxh7 20. Bxg7
Kxg7 21. Rxd5 exd5 22. Qg5+ 1-0

[Event "14. Obert Int. Sant Marti 2012"]
[Site "Barcelona ESP"]
[Date "2012.07.17"]
[Round "5.30"]
[White "Garriga Cazorla, Pere"]
[Black "Ryan, Joseph"]
[Result "0-1"]
[WhiteElo "2056"]
[BlackElo "2300"]
[PlyCount "76"]
[EventDate "2012.07.13"]
[EventType "swiss"]
[EventRounds "9"]
[EventCountry "ESP"]
[SourceTitle "Ajedrez en Madrid"]
[Source "lmi"]
[SourceDate "2012.07.13"]
[SourceVersion "1"]
[SourceVersionDate "2019.06.21"]
[SourceQuality "1"]

1. d4 g6 2. c4 Bg7 3. Nc3 c5 4. d5 Bxc3+ 5. bxc3 f5 6. h4 Nf6 7. h5 Rg8 8. hxg6
hxg6 9. Nf3 d6 10. Ng5 Qa5 11. Qc2 Nbd7 12. Rb1 Nb6 13. e3 Bd7 14. Bd3 O-O-O
15. Bd2 Rde8 16. O-O Qa4 17. Qxa4 Nxa4 18. f3 Kc7 19. e4 fxe4 20. Nxe4 Bf5 21.
Rfe1 Nb6 22. Bf4 Bxe4 23. fxe4 g5 24. Bh2 Ng4 25. e5 Nxh2 26. Kxh2 Nd7 27.
exd6+ exd6 28. Bf5 Ne5 29. Re4 Rgf8 30. Rf1 Rf6 31. Kg1 Ref8 32. g4 Rh6 33. Re2
Rh3 34. Be6 Nf3+ 35. Kf2 Ne5+ 36. Kg2 Rxf1 37. Kxf1 Rxc3 38. Bf5 Rc1+ 0-1

[Event "14. Obert Int. Sant Marti 2012"]
[Site "Barcelona ESP"]
[Date "2012.07.17"]
[Round "5.32"]
[White "Vilalta Vidal, Javier"]
[Black "Vigoa Apecheche, Yanira"]
[Result "0-1"]
[WhiteElo "1942"]
[BlackElo "2269"]
[PlyCount "92"]
[EventDate "2012.07.13"]
[EventType "swiss"]
[EventRounds "9"]
[EventCountry "ESP"]
[SourceTitle "Ajedrez en Madrid"]
[Source "lmi"]
[SourceDate "2012.07.13"]
[SourceVersion "1"]
[SourceVersionDate "2019.06.21"]
[SourceQuality "1"]

1. e4 c5 2. Nf3 Nc6 3. d4 cxd4 4. Nxd4 Nf6 5. Nc3 e5 6. Ndb5 d6 7. Bg5 a6 8.
Na3 Be6 9. Nc4 Rc8 10. Nd5 Bxd5 11. Bxf6 gxf6 12. Qxd5 Nd4 13. O-O-O b5 14. c3
Bh6+ 15. Kb1 bxc4 16. cxd4 Qc7 17. Kc2 O-O 18. g3 Qd7 19. Qa5 Qg4 20. Qe1 Qd7
21. Qa5 c3 22. b3 Qg4 23. Bd3 Qf3 24. Rhf1 Be3 25. dxe5 dxe5 26. Rde1 Bd2 27.
Ra1 Rfd8 28. Qxa6 Rc6 29. Be2 Qxe4+ 30. Bd3 Qd4 31. Qb5 Rc5 32. Qa6 Rc6 33. Qb5
Rcd6 34. Bf5 e4 35. Qc4 Qa7 36. Qxe4 Qa3 37. Rfb1 Bg5 38. Qc4 Qa7 39. Rf1 Bd2
40. Qg4+ Kf8 41. Bxh7 Bg5 42. Rfd1 Qxf2+ 43. Kxc3 Qc5+ 44. Kb2 Rd2+ 45. Rxd2
Rxd2+ 46. Kb1 Qg1+ 0-1

[Event "14. Obert Int. Sant Marti 2012"]
[Site "Barcelona ESP"]
[Date "2012.07.17"]
[Round "5.33"]
[White "Porta Tovar, Guillem"]
[Black "Ramirez Garcia, Jorge Alberto"]
[Result "1-0"]
[WhiteElo "1846"]
[BlackElo "2241"]
[PlyCount "95"]
[EventDate "2012.07.13"]
[EventType "swiss"]
[EventRounds "9"]
[EventCountry "ESP"]
[SourceTitle "Ajedrez en Madrid"]
[Source "lmi"]
[SourceDate "2012.07.13"]
[SourceVersion "1"]
[SourceVersionDate "2019.06.21"]
[SourceQuality "1"]

1. e4 c5 2. Nf3 Nc6 3. d4 cxd4 4. Nxd4 Qb6 5. Nb3 Nf6 6. Nc3 e6 7. Be3 Qc7 8.
Be2 Bb4 9. f3 Bxc3+ 10. bxc3 d5 11. O-O dxe4 12. fxe4 Nxe4 13. Bd3 Nxc3 14. Qg4
f5 15. Qh4 Nd5 16. Bc5 b6 17. Ba3 Nce7 18. c4 Ng6 19. Qe1 Nde7 20. Nd4 Qe5 21.
Nb5 Ba6 22. Nd6+ Kf8 23. Qxe5 Nxe5 24. Bxf5 exf5 25. Nxf5 Bxc4 26. Rf4 Ke8 27.
Nxe7 Bb5 28. Re4 Nc4 29. Ng6+ Kd7 30. Rd1+ Kc6 31. Re6+ Kb7 32. Nxh8 Nxa3 33.
Nf7 Ka6 34. Ne5 Rc8 35. Re7 Rc2 36. Nd3 Bxd3 37. Rxd3 Rxa2 38. Rxg7 Nc4 39.
Rdd7 Kb5 40. Rxa7 Rb2 41. Rxh7 Kb4 42. Rh4 b5 43. Rc7 Kb3 44. Re4 Rc2 45. h4 b4
46. h5 Nd6 47. Rxb4+ Kxb4 48. Rxc2 1-0

[Event "14. Obert Int. Sant Marti 2012"]
[Site "Barcelona ESP"]
[Date "2012.07.17"]
[Round "5.34"]
[White "Perpinya Rofes, Lluis Maria"]
[Black "Ginesta Caballero, Olga Lucia"]
[Result "1-0"]
[WhiteElo "2401"]
[BlackElo "2093"]
[PlyCount "75"]
[EventDate "2012.07.13"]
[EventType "swiss"]
[EventRounds "9"]
[EventCountry "ESP"]
[SourceTitle "Ajedrez en Madrid"]
[Source "lmi"]
[SourceDate "2012.07.13"]
[SourceVersion "1"]
[SourceVersionDate "2019.06.21"]
[SourceQuality "1"]

1. e4 d5 2. exd5 Qxd5 3. Nc3 Qa5 4. d4 Nf6 5. Nf3 Bf5 6. Bd2 c6 7. Bc4 e6 8.
Nd5 Qd8 9. Nxf6+ gxf6 10. Qe2 Bxc2 11. O-O Be7 12. Rfe1 Bg6 13. Bxe6 O-O 14.
Bb3 Re8 15. Nh4 Nd7 16. Nxg6 hxg6 17. Qc4 Rf8 18. Bh6 Nb6 19. Qd3 Nd5 20. Bxd5
cxd5 21. Bxf8 Bxf8 22. Qb5 b6 23. Rac1 Bg7 24. Rc3 f5 25. Rce3 Qd6 26. Re8+
Rxe8 27. Qxe8+ Qf8 28. Qd7 Qb4 29. Re8+ Kh7 30. Qxf7 Qxd4 31. g3 Qxb2 32. Re6
Qb1+ 33. Kg2 f4 34. Qxf4 Qf5 35. Qxf5 gxf5 36. Re7 Kg6 37. Rxa7 Bc3 38. Rb7 1-0

[Event "14. Obert Int. Sant Marti 2012"]
[Site "Barcelona ESP"]
[Date "2012.07.17"]
[Round "5.35"]
[White "Fernandez Aguilar, Francisco"]
[Black "Avila Gimenez, Xavier"]
[Result "0-1"]
[WhiteElo "1946"]
[BlackElo "2307"]
[PlyCount "94"]
[EventDate "2012.07.13"]
[EventType "swiss"]
[EventRounds "9"]
[EventCountry "ESP"]
[SourceTitle "Ajedrez en Madrid"]
[Source "lmi"]
[SourceDate "2012.07.13"]
[SourceVersion "1"]
[SourceVersionDate "2019.06.21"]
[SourceQuality "1"]

1. e4 c6 2. d4 d5 3. exd5 cxd5 4. Bd3 Nc6 5. c3 Qc7 6. Bg5 Nf6 7. Nd2 Bg4 8.
Ngf3 e6 9. Bh4 Bd6 10. Bg3 O-O 11. O-O Rfe8 12. Re1 Rab8 13. a4 a6 14. Qb1 Ne7
15. Bxd6 Qxd6 16. Ne5 Bf5 17. h3 Rec8 18. Bxf5 Nxf5 19. g4 Nh4 20. Qd3 Rc7 21.
Qg3 Ng6 22. h4 Qd8 23. h5 Nxe5 24. Rxe5 b5 25. axb5 axb5 26. b4 Rbc8 27. Re3 h6
28. f4 Qd6 29. Ra5 Rb7 30. Qf3 g6 31. hxg6 fxg6 32. Nb3 Ne4 33. Rxe4 dxe4 34.
Qxe4 Rf7 35. Qe5 Qxe5 36. fxe5 Rxc3 37. Nc5 Rg3+ 38. Kh2 Rxg4 39. Nxe6 Rf5 40.
Kh3 h5 41. Ra8+ Kf7 42. d5 Rxe5 43. Ra7+ Kf6 44. Nc5 Rxd5 45. Ra6+ Kf5 46. Ra3
Rxb4 47. Rf3+ Rf4 0-1

[Event "14. Obert Int. Sant Marti 2012"]
[Site "Barcelona ESP"]
[Date "2012.07.17"]
[Round "5.36"]
[White "Aranda Gonzalez, Jose"]
[Black "Kopaloff, Nick"]
[Result "1-0"]
[WhiteElo "2245"]
[BlackElo "2075"]
[PlyCount "91"]
[EventDate "2012.07.13"]
[EventType "swiss"]
[EventRounds "9"]
[EventCountry "ESP"]
[SourceTitle "Ajedrez en Madrid"]
[Source "lmi"]
[SourceDate "2012.07.13"]
[SourceVersion "1"]
[SourceVersionDate "2019.06.21"]
[SourceQuality "1"]

1. e4 c5 2. Nc3 Nc6 3. g3 g6 4. Bg2 Bg7 5. d3 e6 6. Be3 d6 7. f4 Nge7 8. Nf3
Nd4 9. O-O O-O 10. e5 Nef5 11. Bf2 Bd7 12. Ne4 Bc6 13. Nxd4 cxd4 14. g4 Bxe4
15. dxe4 Ne3 16. Bxe3 dxe3 17. exd6 Qb6 18. Qe2 e5 19. f5 Rfd8 20. Rfd1 Rd7 21.
c4 Rc8 22. Rd5 Bf8 23. Rxe5 Rxd6 24. Rd5 Rxd5 25. exd5 Qd4 26. Rc1 Qd2 27. Qxd2
exd2 28. Rd1 Bb4 29. a3 Re8 30. Bf3 Bc5+ 31. Kg2 Be3 32. fxg6 hxg6 33. c5 Rd8
34. b4 Kf8 35. h4 g5 36. h5 Ke7 37. d6+ Ke6 38. Bxb7 Ke5 39. Kf3 Kd4 40. Be4
Bf4 41. h6 Kc3 42. h7 Kb3 43. c6 Kxa3 44. c7 Rf8 45. Rxd2 Bxd2 46. d7 1-0

[Event "14. Obert Int. Sant Marti 2012"]
[Site "Barcelona ESP"]
[Date "2012.07.17"]
[Round "5.37"]
[White "Minguez Rodriguez, Raul"]
[Black "Chakravarthi, Y V K.."]
[Result "1/2-1/2"]
[WhiteElo "2237"]
[BlackElo "2053"]
[PlyCount "44"]
[EventDate "2012.07.13"]
[EventType "swiss"]
[EventRounds "9"]
[EventCountry "ESP"]
[SourceTitle "Ajedrez en Madrid"]
[Source "lmi"]
[SourceDate "2012.07.13"]
[SourceVersion "1"]
[SourceVersionDate "2019.06.21"]
[SourceQuality "1"]

1. e4 e6 2. d4 d5 3. Nc3 dxe4 4. Nxe4 Bd7 5. Nf3 Bc6 6. Neg5 Be7 7. Bd3 Nf6 8.
Ne5 O-O 9. c3 Qd5 10. Qc2 g6 11. Bd2 Nbd7 12. Nxc6 bxc6 13. O-O c5 14. Be2 Rab8
15. Bf3 Qf5 16. Qxf5 gxf5 17. b3 cxd4 18. cxd4 Bd6 19. Rac1 Nb6 20. Bc6 Nbd5
21. Bxd5 Nxd5 22. Nf3 f6 1/2-1/2

[Event "14. Obert Int. Sant Marti 2012"]
[Site "Barcelona ESP"]
[Date "2012.07.17"]
[Round "5.38"]
[White "Porta Tovar, Oriol"]
[Black "Ramesa, Marin"]
[Result "0-1"]
[WhiteElo "1900"]
[BlackElo "2214"]
[PlyCount "96"]
[EventDate "2012.07.13"]
[EventType "swiss"]
[EventRounds "9"]
[EventCountry "ESP"]
[SourceTitle "Ajedrez en Madrid"]
[Source "lmi"]
[SourceDate "2012.07.13"]
[SourceVersion "1"]
[SourceVersionDate "2019.06.21"]
[SourceQuality "1"]

1. e4 c5 2. Nf3 e6 3. d4 cxd4 4. Nxd4 Nc6 5. Nc3 Qc7 6. a3 a6 7. Be3 Nf6 8. f4
d6 9. Qf3 Bd7 10. Bd3 Be7 11. h3 h5 12. O-O Nxd4 13. Bxd4 Bc6 14. Qg3 h4 15.
Qxg7 Rg8 16. Qh6 O-O-O 17. Bxf6 Rg6 18. Qxh4 Bxf6 19. Qf2 Rdg8 20. Kh2 Bd4 21.
Qxd4 Rxg2+ 22. Kh1 e5 23. Qe3 Qe7 24. Rf3 Qh4 25. Ne2 f5 26. Rg1 R2g4 27. Rxg4
Rxg4 28. Rg3 fxe4 29. Bc4 Rxf4 30. Nxf4 exf4 31. Rg4 Qxg4 32. hxg4 fxe3 33. g5
d5 34. Be2 Kd7 35. Kh2 Ke6 36. Kg3 Kf5 37. Kh4 Bb5 38. Bg4+ Kg6 39. Bh5+ Kg7
40. Kg3 d4 41. b3 d3 42. c4 Bd7 43. a4 b6 44. Kg2 a5 45. Kg3 Bh3 46. Be8 Bg4
47. b4 e2 48. Kf2 e3+ 0-1